Medzinárodná finančná kríza a jej potenciálny vplyv na slovenský bankový sektor

Stručné vymedzenie pojmu finančná kríza. Prehľad najdôležitejších uplynulých finančných kríz. Analýza príčin súčasnej finančnej krízy, ktorá má svoj pôvod v hypotekárnom bankovníctve USA. Náčrt potenciálneho vplyvu tejto krízy na banky pôsobiace na Slovensku.

Enregistré dans:
Détails bibliographiques
Auteur principal: Lawson, Colin William
Autres auteurs: Zimková, Emília
Format: Chapitre de livre
Langue:slovaque
Sujets:
Tags: Ajouter un tag
Pas de tags, Soyez le premier à ajouter un tag!

MARC

LEADER 00000naa$a2200000$$$4500
001 0081998
005 20230718095031.3
041 0 |a slo 
044 |a SK 
245 1 0 |a Medzinárodná finančná kríza a jej potenciálny vplyv na slovenský bankový sektor  |c Colin Lawson, Emília Zimková 
520 |a Stručné vymedzenie pojmu finančná kríza. Prehľad najdôležitejších uplynulých finančných kríz. Analýza príčin súčasnej finančnej krízy, ktorá má svoj pôvod v hypotekárnom bankovníctve USA. Náčrt potenciálneho vplyvu tejto krízy na banky pôsobiace na Slovensku. 
610 2 0 |a kríza finančná 
610 2 0 |a sústava banková 
610 2 0 |a USA 
610 2 0 |a Slovensko 
610 2 0 |a banky hypotekárne 
610 2 0 |a úver hypotekárny 
610 2 0 |a teórie ekonomické 
100 1 |a Lawson, Colin William 
700 1 |a Zimková, Emília